[Event "HCL-C130"]
[Site "www.playchess.de"]
[Date "2001.01.25"]
[Round "25"]
[White "dakini"]
[Black "Stefan"]
[WhiteElo "1461"]
[BlackElo "1463"]
[PlyCount "80"]
[Result "0-1"]

1.e4 d6 2.d4 Nf6 3.Nc3 g6 4.Nf3 Bg7 5.Be3 O-O 
6.Bd3 Bg4 7.h3 Bxf3 8.Qxf3 e5 9.d5 Nbd7 10.b4 {how 
are you after this long break?}  c6 {Im fine how 
about you.}  11.h4 {I feel good too, thanks! I 
enjoy our games because we play without PC here. 
Thats fairplay}  a5 12.b5 cxd5 13.Bg5 dxe4 14.Bxe4 
Qc7 15.Bxf6 Bxf6 16.Nd5 Qd8 17.g4 Bxh4 18.Ke2 Nc5 
19.Rh3 Nxe4 20.Rah1 Nxf2 21.R3xh4 Nxh1 22.Qxh1 h5 
23.gxh5 {so enough for today ... good night 
Stefan!}  g5 24.Qg2 {the really lat one ... `til 
tomorrow!}  Kh7 {Good night}  25.h6 Rg8 26.Qf3 
gxh4 27.Nf6+ {Do we meet again in a following 
tournament? Very exciting playing whoever is 
winning!}  Kxh6 {I hope so! Very exciting yes.}  
28.Qh5+ Kg7 29.Qg5+ Kf8 30.Qxg8+ Ke7 31.Nd5+ Ke6 
32.Nc7+ Kd7 33.Qxf7+ Qe7 34.Qxe7+ Kxe7 35.Nxa8 {I 
enrolled in a next fast HCL tournament now!}  h3 
{OK I will to}  36.Kf2 e4 37.Nb6 e3+ 38.Kg1 e2 
39.Nd5+ {We´ll finish it}  Kd8 40.Kf2 
h2 0-1

[Event "HCL-C132"]
[Site "www.playchess.de"]
[Date "2001.01.25"]
[Round "1"]
[White "rafita"]
[Black "sid317"]
[WhiteElo "1228"]
[BlackElo "693"]
[PlyCount "57"]
[Result "1-0"]

1.d4 d5 2.c4 dxc4 3.Nf3 Nc6 4.e4 Nf6 5.Nc3 g6 
6.Bxc4 Bg7 7.e5 Ng4 8.h3 Ngxe5 9.Nxe5 Nxe5 10.dxe5 
Qxd1+ 11.Kxd1 Bxe5 12.Re1 Bf6 13.Bf4 c6 14.Kc2 
Bf5+ 15.Bd3 Bxd3+ 16.Kxd3 Rd8+ 17.Kc2 O-O 18.Rad1 
e5 19.Bxe5 Bh4 20.g3 Bg5 21.f4 Be7 22.Ne4 b5 
23.Nf6+ Bxf6 24.Bxf6 Rd5 25.Rxd5 cxd5 26.Re7 a5 
27.Rd7 Rc8+ 28.Kd3 Rc6 29.Rd8+ 1-0

[Event "HCL-C135"]
[Site "www.playchess.de"]
[Date "2001.01.25"]
[Round "12"]
[White "Smutje"]
[Black "dg"]
[WhiteElo "366"]
[BlackElo "696"]
[PlyCount "47"]
[Result "0-1"]

1.h4 e5 2.Rh3 d6 3.Rf3 Nc6 4.c3 Nf6 5.d3 g6 6.e4 
Bg4 7.a4 Bxf3 8.Qxf3 Bg7 9.g4 Qd7 10.g5 Nh5 11.d4 
exd4 12.Bc4 Ne5 13.Bxf7+ Qxf7 14.Qd3 Nxd3+ 15.Kd1 
Qxf2 16.Ne2 Ng3 17.Nxg3 Qxg3 18.Bd2 Nxb2+ 19.Kc2 
dxc3 20.Nxc3 Nc4 21.Nd5 O-O-O 22.Ba5 Qf2+ 23.Kb3 
Nxa5+ 24.Kb4 0-1

[Event "HCL-E003"]
[Site "www.playchess.de"]
[Date "2001.01.25"]
[Round "33"]
[White "Bronislaw"]
[Black "ARMAGEDON_8"]
[WhiteElo "2255"]
[BlackElo "2000"]
[PlyCount "71"]
[Result "1-0"]

1.d4 Nf6 2.c4 c5 3.d5 e6 4.Nc3 exd5 5.cxd5 d6 6.e4 
g6 7.f3 Bg7 8.Bg5 O-O 9.Qd2 a6 10.Bd3 b5 11.Nge2 
Nbd7 12.O-O Re8 13.a3 Qb6 14.Bc2 a5 15.Bh6 Bxh6 
16.Qxh6 b4 17.Na4 Qa7 18.Ng3 Ba6 19.Rf2 Bb5 20.Qg5 
Kh8 21.Qf4 Qa6 22.axb4 axb4 23.Ra2 Nxd5 24.Qxf7 
Bc4 25.Bd3 Ne3 26.Qxd7 Rad8 27.Qh3 Bxd3 28.Qh4 d5 
29.Qf4 Nf5 30.Nxf5 gxf5 31.e5 Qc4 32.Qg5 Rd6 
33.Ra1 Ra6 34.Rc1 Rxe5 35.g3 Qd4 
36.Qd8+ 1-0

[Event "HCL-E008"]
[Site "www.playchess.de"]
[Date "2001.01.25"]
[Round "17"]
[White "Vanon"]
[Black "NOHAU"]
[WhiteElo "2000"]
[BlackElo "2145"]
[PlyCount "56"]
[Result "0-1"]

1.d4 Nf6 2.e3 d5 3.Bd3 Nc6 4.c3 e5 5.Bb5 e4 6.Nd2 
Bd7 7.c4 Nb4 8.Bxd7+ Qxd7 9.h3 Nd3+ 10.Kf1 dxc4 
11.Nxc4 O-O-O 12.Ne2 Qe6 13.b3 Qf5 14.Nf4 Nxf4 
15.exf4 h5 16.Be3 Nd5 17.a3 Nxf4 18.Qd2 Ne6 19.Qc3 
Rd5 20.Rc1 Be7 21.h4 Rhd8 22.Rh3 c6 23.Ne5 Nxd4 
24.Bxd4 R5xd4 25.Nxc6 Qb5+ 26.Ke1 bxc6 27.Qxc6+ 
Qxc6 28.Rxc6+ Kb8 0-1

[Event "ACL-A018"]
[Site "www.playchess.de"]
[Date "2001.01.25"]
[Round "2"]
[White "Cetilak"]
[Black "anthon_der_schreck"]
[WhiteElo "1500"]
[BlackElo "1500"]
[PlyCount "78"]
[Result "1/2-1/2"]

1.b3 e5 2.e3 g6 3.d4 Bg7 4.Nc3 exd4 5.exd4 Qe7+ 
6.Be3 Nf6 7.Nf3 Ng4 8.Be2 Nxe3 9.fxe3 c6 10.e4 d6 
11.Qd2 f5 12.exf5 Bxf5 13.O-O O-O 14.Rae1 Qd8 
15.Ng5 d5 16.g4 Bd7 17.Bf3 Bc8 18.Na4 Na6 19.Qe3 
Nc7 20.Nc5 Re8 21.Qf4 Bxd4+ 22.Qxd4 Rxe1 23.Rxe1 
Qxg5 24.c4 b6 25.Nd3 Be6 26.Qf4 Qd8 27.Re3 Rc8 
28.Ne5 g5 29.Qg3 Qd6 30.Qh3 Qf8 31.Be2 d4 32.Bd3 
Qg7 33.Re1 c5 34.Nf3 h6 35.Ne5 Rf8 36.Qg2 Re8 
37.Bg6 Rb8 38.Qc6 Rf8 39.Bd3 Rf6 1/2-1/2

[Event "ACL-A037"]
[Site "www.playchess.de"]
[Date "2001.01.25"]
[Round "4"]
[White "MarkusSSG"]
[Black "muggel"]
[WhiteElo "1768"]
[BlackElo "1833"]
[PlyCount "29"]
[Result "1-0"]

1.d4 d5 2.Bf4 Nf6 3.Nf3 e6 4.e3 c5 5.c3 a6 6.Nbd2 
Nc6 7.Bd3 c4 8.Bc2 b5 9.h4 Bd6 10.Ne5 Qc7 11.Ndf3 
O-O 12.Rh3 Bxe5 13.dxe5 Nd7 14.Bxh7+ Kxh7 
15.Ng5+ 1-0

[Event "ACL-A050"]
[Site "www.playchess.de"]
[Date "2001.01.25"]
[Round "3"]
[White "Tarahumara"]
[Black "sazex"]
[WhiteElo "992"]
[BlackElo "1776"]
[PlyCount "54"]
[Result "0-1"]

1.e4 e5 2.Qh5 d6 3.Bc4 Qd7 4.Nf3 Nf6 5.Qh4 c6 
6.Nc3 Be7 7.Qg3 Nh5 8.Qh3 Qxh3 9.gxh3 Bxh3 10.d3 
Bg2 11.Rg1 Bxf3 12.b4 d5 13.exd5 Bxb4 14.Bd2 Nd7 
15.dxc6 bxc6 16.Rg5 f6 17.Rf5 Bg4 18.Rxh5 Bxh5 
19.Ne4 Bxd2+ 20.Kxd2 Bg6 21.Rb1 Ke7 22.Rb7 Rhb8 
23.Rc7 Bxe4 24.dxe4 Kd6 25.Rxc6+ Kxc6 26.Bd5+ Kb5 
27.Bxa8 Rxa8 0-1

[Event "ACL-A058"]
[Site "www.playchess.de"]
[Date "2001.01.25"]
[Round "2"]
[White "peze4"]
[Black "dzwonek"]
[WhiteElo "1500"]
[BlackElo "1632"]
[PlyCount "88"]
[Result "1-0"]

1.c4 f5 2.d4 Nf6 3.g3 g6 4.Bg2 Bg7 5.Nc3 O-O 6.Nh3 
d6 7.d5 c6 8.Nf4 e5 9.dxe6 e.p 10.Na6 O-O 11.Nc5 
Qc2 12.Nxe6 Rd1 13.Ng4 Nxe6 14.Bxe6 Bf4 15.Qb6 e3 
16.Bxc4 Rxd6 17.Rad8 Rad1 18.Rxd6 Bxd6 19.Re8 h3 
20.Nf6 b4 21.Nd7 Na4 22.Qa6 Rd2 23.Bb5 Nc5 24.Nxc5 
Bxc5 25.Qa3 Rd7 26.b6 Bd4 27.Bxd4 Rxd4 28.c5 bxc5 
29.bxc5 Rd5 30.Rc8 Rxf5 31.Kg7 Qe4 32.gxf5 Qe7+ 
33.Kg6 Qe6+ 34.Kg7 Qxc8 35.Bc4 Qxf5 36.Bxa2 Be4 
37.a5 Qxh7+ 38.Kf8 Qh6+ 39.Kf7 Bg6+ 40.Ke7 Qg7+ 
41.Kd6 Qf8+ 42.Kc7 h4 43.Qb4 h5 44.Qe1+ 
Kh2 1-0

[Event "ACL-A062"]
[Site "www.playchess.de"]
[Date "2001.01.25"]
[Round "34"]
[White "babycakes"]
[Black "Bill"]
[WhiteElo "1391"]
[BlackElo "1763"]
[PlyCount "44"]
[Result "0-1"]

1.e4 e5 2.Nf3 Nc6 3.Bc4 Bc5 4.d3 Nf6 5.Bg5 h6 
6.Bxf6 Qxf6 7.O-O d6 8.Nc3 Bg4 9.h3 Bxf3 10.Qxf3 
Qxf3 11.gxf3 Nd4 12.Nd5 Rc8 13.b4 Bb6 14.c3 Ne2+ 
15.Kh2 c6 16.Nxb6 axb6 17.d4 Nxc3 18.Rfg1 exd4 
19.Rxg7 Rc7 20.Rag1 b5 21.R7g8+ Rxg8 22.Rd1 
Nxd1 0-1

[Event "ACL-A063"]
[Site "www.playchess.de"]
[Date "2001.01.25"]
[Round "4"]
[White "whoopingfunst"]
[Black "deepcover"]
[WhiteElo "1412"]
[BlackElo "1500"]
[PlyCount "40"]
[Result "0-1"]

1.d4 d5 2.c4 e6 3.Nc3 Nf6 4.Bg5 Be7 5.Nf3 h6 6.Bh4 
O-O 7.Bxf6 Bxf6 8.e4 dxe4 9.Nxe4 Nc6 10.Nxf6+ Qxf6 
11.Be2 Rd8 12.d5 exd5 13.cxd5 Be6 14.O-O Bxd5 
15.Qc2 Nb4 16.Qxc7 Qxb2 17.Bc4 Rac8 18.Qf4 Rxc4 
19.Qd2 Qxd2 20.Nxd2 Rc2 0-1

[Event "ACL-A068"]
[Site "www.playchess.de"]
[Date "2001.01.25"]
[Round "2"]
[White "chrisg"]
[Black "Smutje"]
[WhiteElo "1770"]
[BlackElo "1273"]
[PlyCount "25"]
[Result "1-0"]

1.e4 e5 2.Nf3 g5 3.d3 Qe7 4.Bxg5 Qb4+ 5.Nbd2 Qxb2 
6.Nc4 Qc3+ 7.Bd2 Qxa1 {shit!}  8.Qxa1 b5 9.Qxe5+ 
Be7 10.Qxh8 Kf8 11.Bh6+ {Sorry!}  Ke8 {scheiß 
spiel :-(}  12.Qxg8+ Bf8 13.Qxf8+ 1-0

[Event "ACL-A068"]
[Site "www.playchess.de"]
[Date "2001.01.25"]
[Round "9"]
[White "Ghostdog"]
[Black "chrisg"]
[WhiteElo "1500"]
[BlackElo "1770"]
[PlyCount "24"]
[Result "0-1"]

1.e4 c6 2.d4 d5 3.exd5 cxd5 4.c4 Nf6 5.Nc3 Nc6 
6.c5 e5 7.dxe5 Nxe5 8.Qe2 Qe7 9.Bg5 Nd3+ 10.Kd2 
Qxe2+ 11.Ngxe2 Nxf2 12.Rg1 N2e4+ 0-1

[Event "ACL-A068"]
[Site "www.playchess.de"]
[Date "2001.01.25"]
[Round "15"]
[White "Ghostdog"]
[Black "Goofy"]
[WhiteElo "1500"]
[BlackElo "1746"]
[PlyCount "40"]
[Result "0-1"]

1.e4 c5 2.c3 Nf6 3.e5 Nd5 4.d4 cxd4 5.cxd4 d6 
6.Nf3 Nc6 7.Bc4 Nb6 8.Bb5 d5 9.O-O Bg4 10.Be3 e6 
11.Nbd2 Be7 12.Qc2 Rc8 13.Qb3 O-O 14.Rac1 Na5 
15.Qd1 Nac4 16.Bxc4 Nxc4 17.Nxc4 dxc4 18.h3 Bf5 
19.Qa4 Bd3 20.Rfe1 Qd5 0-1

[Event "ACL-A068"]
[Site "www.playchess.de"]
[Date "2001.01.25"]
[Round "21"]
[White "Goofy"]
[Black "liero"]
[WhiteElo "1746"]
[BlackElo "1500"]
[PlyCount "43"]
[Result "1-0"]

1.d4 d5 2.c4 c6 3.Nf3 e6 4.Nc3 Be7 5.e4 dxe4 
6.Nxe4 Bb4+ 7.Bd2 Bxd2+ 8.Qxd2 Nf6 9.Nc3 O-O 10.g4 
b6 11.g5 Ne8 12.h4 g6 13.O-O-O Bb7 14.h5 c5 15.d5 
Bxd5 16.cxd5 exd5 17.hxg6 fxg6 18.Bc4 Nc6 19.Nxd5 
Rxf3 20.Nf6+ Kg7 21.Rxh7+ Kf8 22.Rf7+ 1-0

[Event "HCL-C152"]
[Site "www.playchess.de"]
[Date "2001.01.25"]
[Round "4"]
[White "dg"]
[Black "Player"]
[WhiteElo "1223"]
[BlackElo "1000"]
[PlyCount "66"]
[Result "0-1"]

1.e4 c5 2.Nf3 d6 3.d4 cxd4 4.Nxd4 Nf6 5.Nc3 a6 
6.Bg5 e6 7.Qf3 Be7 8.h4 O-O 9.O-O-O Bd7 10.Bd3 Nc6 
11.Be3 Nxd4 12.Bxd4 e5 13.Be3 Bg4 14.Qg3 Bxd1 
15.Bh6 Nh5 16.Qe3 Bg4 17.Bg5 Bxg5 18.hxg5 Nf4 
19.g3 Nxd3+ 20.cxd3 Rc8 21.Kd2 Qa5 22.a3 Rc7 23.f3 
Be6 24.Ke2 Rfc8 25.Rc1 R7xc3 26.bxc3 Qxa3 27.c4 b5 
28.Qd2 a5 29.Rc3 Qc5 30.g4 a4 31.Qa2 b4 32.Rc1 Bd7 
33.Kd2 Qf2+ 0-1

[Event "HCL-C154"]
[Site "www.playchess.de"]
[Date "2001.01.25"]
[Round "16"]
[White "Allesnehmer"]
[Black "Translightor"]
[WhiteElo "1380"]
[BlackElo "885"]
[PlyCount "37"]
[Result "1-0"]

1.e4 {:c) wir wieder}  c5 {Okay, diesmal ohne 
Rücksicht auf Kinder!}  2.Nf3 {sei aber bitte nich 
all zu hart mit mir.}  e6 {Nee, ich muss ja 
zugeben, wie du mich überrumpelt hast, war gut 
gespielt!}  3.d4 {konnte es mir ja immer in ruhe 
am brett anschauen}  cxd4 {Nachteil ist: Mit der 
gewonnenen Partie hast du so ne hohe ELO, dass du 
jetzt Turnierfavorit bist.}  4.Nxd4 {hab ich gar 
nich drauf geachtet. muss wohl damit leben.}  a6 
{Auf jeden Fall spiele ich gegen so nen 
ELO-Giganten vorsichtiger...}  5.Nc3 {naja. die 
zahl finde ich aber nich so hoch.}  b5 {Man muss 
sich eben immer noch höhere Ziele setzen!}  6.Bd3 
{da wollte doch jemand vorsichtig spielen und 
rumpelt jetzt gleich so voran}  Bb7 {Der b-Bauer 
ist in dieser Variante eben das Rumpelstilzchen.}  
7.O-O {mal schaun ob ich ihn anrempeln werde.}  d6 
{In einer Partie bist du deiner Favoritenrolle ja 
schon gerecht geworden.}  8.Re1 {der hats mir ja 
auch sehr leicht gemacht.}  Nf6 {So ne ähnliche 
Partie habe ich mal gesehen: 1.f4 e5 2.g3 (deckt!) 
exf4 usw.}  9.a4 {war ja fast das "deppenmatt mit 
f4 e5 g4 Dh4}  b4 {Ich soll dir von Ben-E-Gas 
ausrichten: "nice win pal"}  10.Na2 {was heißt 
pal?}  Qc7 {Das heißt "Kumpel". Ich hab ihm 
geschrieben: Hoffentlich analysiert er die Partie 
nicht!}  11.Bd2 {hab mir mal seine anderen partien 
angeguggt. da hat er nich so einen kas gespielt}  
d5 {Gegen mich kämpft er noch, hat aber schon 
Probleme.}  12.e5 {kämpfen ist gut. das is schon 
gewonnen für dich.}  Nfd7 {Man kriegt ja schon 
einen Komplex, wenn man es nicht in 3 Zügen 
schafft.}  13.Bxb4 {so schnell habe ich in meinem 
ganzem leben noch nich gewonnen.}  Bxb4 {Das Leben 
bietet eben immer wieder Überraschungen.}  14.Nxb4 
{wie lange spielste denn schon schach?}  Nxe5 {Ich 
hab's mit 12 gelernt, und du?}  15.Qh5 {hab's 
schon mit 5 gelernt.}  Nxd3 {Das sieht man auch 
daran, wie gut du spielst.}  16.Nxe6 {übe ja auch 
täglich für schach}  Qb6 {Na, wieviel Züge gibst 
du mir noch?}  17.Nxd3 {ich sag's mal so. ein matt 
in ... Zügen kann ich noch nich ankündigen.}  g6 
{So lange ich noch was angreifen kann, gebe ich 
auch nicht auf.}  18.Qe5 {stimmt, denn mit 
aufgeben hat bekanntlich ja noch niemand gewonnen} 
 fxe6 {Aber es macht keinen Spaß mehr. Darum 
gratuliere ich schon mal!}  19.Qxh8+ {nehm ich 
aber erst an, wenns so weit ist.} 
 1-0

[Event "HCL-C154"]
[Site "www.playchess.de"]
[Date "2001.01.25"]
[Round "18"]
[White "Allesnehmer"]
[Black "dg"]
[WhiteElo "1380"]
[BlackElo "1208"]
[PlyCount "53"]
[Result "1-0"]

1.e4 e5 2.Nf3 Nc6 3.Bb5 d6 4.d4 Bd7 5.Nc3 exd4 
6.Nxd4 Nxd4 7.Qxd4 a6 8.Bxd7+ Qxd7 9.Nd5 Ne7 
10.Bg5 f6 11.Bf4 Nc6 12.Qc3 Be7 13.O-O-O O-O 
14.Qb3 Kh8 15.Qxb7 Ra7 16.Qb3 Rb8 17.Qa4 Rab7 
18.Nxe7 Qxe7 19.Qxc6 R7xb2 20.Kd2 d5 21.exd5 Qb4+ 
22.Ke3 Qa3+ 23.Rd3 Qe7+ 24.Kf3 Rxa2 25.Qxc7 Qxc7 
26.Bxc7 Rc8 27.d6 1-0

[Event "ACL-A080"]
[Site "www.playchess.de"]
[Date "2001.01.25"]
[Round "6"]
[White "deepcover"]
[Black "Player"]
[WhiteElo "1730"]
[BlackElo "1500"]
[PlyCount "38"]
[Result "1/2-1/2"]

1.d4 Nf6 2.c4 g6 3.Nc3 d5 4.cxd5 Nxd5 5.e4 Nxc3 
6.bxc3 c5 7.Bc4 Bg7 8.Ne2 Nc6 9.Be3 O-O 10.O-O 
cxd4 11.cxd4 {In 5 minutes I got to go. Back at 7} 
 Bg4 {no problem... - sorry, my english ist 
terrible :)}  12.f3 Na5 13.Bd3 Be6 14.Rc1 Bxa2 
15.Qa4 Bb3 16.Qb4 b6 17.Rc3 Be6 18.Bg5 f6 19.Bf4 
Rc8 1/2-1/2

[Event "HCL-C038"]
[Site "www.playchess.de"]
[Date "2001.01.25"]
[Round "2"]
[White "Ramon"]
[Black "Roman"]
[WhiteElo "1055"]
[BlackElo "1000"]
[PlyCount "37"]
[Result "1-0"]

1.e4 e5 2.Nf3 Nc6 3.Nc3 Nf6 4.Bc4 Bc5 5.O-O d6 
6.d3 a6 7.Bg5 Bg4 8.a3 Nd4 9.Qd2 h6 10.Bxf6 Qxf6 
11.Qe3 h5 12.Ng5 Nxc2 13.Qc1 Nxa1 14.Nxf7 O-O 
15.Ng5+ Kh8 16.Nd5 Qd8 17.b4 Bd4 18.Ne3 Qxg5 
19.Qe1 1-0

[Event "HCL-C038"]
[Site "www.playchess.de"]
[Date "2001.01.25"]
[Round "4"]
[White "Roman"]
[Black "Diego"]
[WhiteElo "1000"]
[BlackElo "748"]
[PlyCount "32"]
[Result "0-1"]

1.e4 e5 2.Nf3 Nc6 3.Nc3 Bc5 4.Nb5 a6 5.Na3 Nf6 
6.b3 Nxe4 7.Bb2 Nxf2 8.Qe2 Nxh1 9.Nxe5 Bf2+ 10.Kd1 
O-O 11.g3 Re8 12.Bg2 Nxe5 13.Bxe5 Bd4 14.Qh5 Rxe5 
15.Qh4 Nf2+ 16.Kc1 Re1+ 0-1

[Event "HCL-C038"]
[Site "www.playchess.de"]
[Date "2001.01.25"]
[Round "5"]
[White "Diego"]
[Black "darkone"]
[WhiteElo "748"]
[BlackElo "1000"]
[PlyCount "78"]
[Result "0-1"]

1.e4 c5 2.Nc3 d6 3.f4 Nc6 4.Nf3 Nd4 5.d3 Bg4 6.h3 
Bxf3 7.gxf3 Nf6 8.Be3 e5 9.Bxd4 cxd4 10.Ne2 Be7 
11.Qd2 Qc7 12.c3 O-O-O 13.cxd4 Qb6 14.Rc1+ Kb8 
15.fxe5 dxe5 16.dxe5 Nh5 17.a3 h6 18.f4 Bh4+ 
19.Kd1 Qb3+ 20.Rc2 Rxd3 21.Nd4 Rxd2+ 22.Kxd2 Qb6 
23.Ne2 Rd8+ 24.Kc1 Qe3+ 25.Kb1 Nxf4 26.Nc3 Rd2 
27.Bc4 Rxc2 28.Kxc2 Qc5 29.Rd1 Qxc4 30.Kb1 Be7 
31.Ka1 Nd3 32.a4 Bb4 33.Nb5 Ba5 34.e6 fxe6 35.Rf1 
Qxa4+ 36.Na3 Bb4 37.Ka2 Bxa3 38.bxa3 Qc2+ 39.Ka1 
Qb2+ 0-1

[Event "HCL-C038"]
[Site "www.playchess.de"]
[Date "2001.01.25"]
[Round "9"]
[White "PDelaquess"]
[Black "Ramon"]
[WhiteElo "1450"]
[BlackElo "1055"]
[PlyCount "45"]
[Result "1-0"]

1.e4 e5 2.f4 Nc6 3.Nf3 Bc5 4.fxe5 Nge7 5.Bc4 O-O 
6.d3 d6 7.exd6 Qxd6 8.Nc3 a6 9.Qe2 a5 10.Be3 Bb4 
11.Bd2 Nd4 12.Nxd4 Qxd4 13.a3 Bd6 14.O-O-O a4 
15.Nb5 Qc5 16.Nxd6 cxd6 17.Bb4 Qc6 18.Qe3 Bd7 
19.Qd4 b5 20.Bc3 Nf5 21.exf5 Qxg2 22.Rdg1 bxc4 
23.Qxg7+ 1-0

[Event "HCL-C038"]
[Site "www.playchess.de"]
[Date "2001.01.25"]
[Round "10"]
[White "Diego"]
[Black "PDelaquess"]
[WhiteElo "748"]
[BlackElo "1450"]
[PlyCount "57"]
[Result "1-0"]

1.e4 e5 2.Nf3 Nc6 3.Bb5 a6 4.Ba4 Nf6 5.O-O Nxe4 
6.d4 b5 7.Bb3 d5 8.dxe5 Be6 9.Nbd2 Nc5 10.c3 d4 
11.Bxe6 Nxe6 12.cxd4 Ncxd4 13.Ne4 Be7 14.Be3 Nf5 
15.Qc2 O-O 16.Rad1 Nxe3 17.fxe3 Qc8 18.Nc3 c6 
19.h4 Bc5 20.Nd4 Re8 21.Qf2 Rf8 22.Nf5 Qc7 23.Qg3 
Kh8 24.Ne4 Bb6 25.Kh1 g6 26.Ng5 Nxg5 27.Qxg5 gxf5 
28.Qf6+ Kg8 29.Rf3 1-0

[Event "HCL-B091"]
[Site "www.playchess.de"]
[Date "2001.01.25"]
[Round "1"]
[White "Arn"]
[Black "Stephen21"]
[WhiteElo "1197"]
[BlackElo "1204"]
[PlyCount "78"]
[Result "0-1"]

1.e4 d5 2.Nc3 Nf6 3.d3 e5 4.Nf3 Bg4 5.h3 Bxf3 
6.Qxf3 Bb4 7.Be2 d4 8.a3 Bxc3+ 9.bxc3 dxc3 10.Be3 
b6 11.Bg5 Nbd7 12.d4 Qc8 13.Bb5 O-O 14.Qg3 c6 
15.Bc4 Qe8 16.dxe5 Nxe5 17.Bxf6 Ng6 18.Bxc3 Qxe4+ 
19.Be2 Qxc2 20.Bd4 Rae8 21.O-O Rxe2 22.Rfe1 Rfe8 
23.Bc3 h6 24.Rac1 Qa2 25.Kh2 Qxa3 26.Rxe2 Rxe2 
27.Qb8+ Kh7 28.Re1 Rxf2 29.Bd4 Rd2 30.Be3 Rc2 
31.Qc7 Qa2 32.Rg1 Nh4 33.Qg3 Ng6 34.Qf3 c5 35.Qxf7 
Qxf7 36.Ra1 Nh4 37.Rg1 Qf6 38.Bf2 Qxf2 39.Ra1 
Qxg2+ 0-1

[Event "HCL-B091"]
[Site "www.playchess.de"]
[Date "2001.01.25"]
[Round "2"]
[White "daphatmon"]
[Black "Arn"]
[WhiteElo "1588"]
[BlackElo "1197"]
[PlyCount "51"]
[Result "1-0"]

1.d4 d5 2.e3 Bf5 3.Nf3 Nc6 4.Bb5 a6 5.Bxc6+ bxc6 
6.Ne5 Nh6 7.Nxc6 Qd7 8.Ne5 Qd6 9.Nc3 e6 10.O-O c5 
11.Ne2 f6 12.Nf3 Be4 13.Ng3 Bxf3 14.Qxf3 c4 15.e4 
e5 16.Re1 Qc6 17.exd5 Qa4 18.dxe5 Qb4 19.c3 Qc5 
20.exf6+ Kd8 21.fxg7 Bxg7 22.Bxh6 Bxh6 23.Qf6+ Kc7 
24.Re7+ Kc8 25.Qxh8+ Bf8 26.Qxf8+ 1-0

[Event "HCL-B091"]
[Site "www.playchess.de"]
[Date "2001.01.25"]
[Round "3"]
[White "Stephen21"]
[Black "daphatmon"]
[WhiteElo "1204"]
[BlackElo "1588"]
[PlyCount "72"]
[Result "0-1"]

1.Nf3 d5 2.d4 Nf6 3.g3 e6 4.e3 c5 5.c3 c4 6.Be2 b5 
7.b4 a5 8.a4 axb4 9.cxb4 Bxb4+ 10.Nbd2 Bc3 11.Ra2 
b4 12.O-O b3 13.Ra3 Bd7 14.Ne5 Qe7 15.Nb1 Bb4 
16.Ra1 Bxa4 17.Ba3 O-O 18.Qc1 Nc6 19.f4 Nxe5 
20.fxe5 Ne4 21.Bf3 Rfc8 22.Nd2 Nxd2 23.Rf2 Nxf3+ 
24.Rxf3 Bxa3 25.Qf1 b2 26.Re1 Bc2 27.Rf2 Bd3 
28.Qh3 b1Q 29.Rxb1 Bxb1 30.Kg2 Be4+ 31.Kg1 c3 
32.Qh5 c2 33.Rf4 c1Q+ 34.Rf1 Qxe3+ 35.Rf2 Rc1+ 
36.Qd1 Rxd1+ 0-1

[Event "HCL-B091"]
[Site "www.playchess.de"]
[Date "2001.01.25"]
[Round "5"]
[White "Tsjernobyl"]
[Black "Stephen21"]
[WhiteElo "1200"]
[BlackElo "1204"]
[PlyCount "87"]
[Result "1-0"]

1.e3 Nf6 2.b3 g6 3.Bb2 Bg7 4.Bc4 e6 5.Nf3 O-O 
6.O-O d5 7.Be2 b6 8.d4 Ba6 9.Bxa6 Nxa6 10.Ne5 Ne4 
11.a4 Qd6 12.Ba3 c5 13.c4 Bxe5 14.dxe5 Qxe5 15.Nd2 
Rad8 16.Nxe4 dxe4 17.Qc2 h5 18.Bb2 Qg5 19.Qxe4 Nb4 
20.Rfd1 a5 21.g3 h4 22.Rxd8 Rxd8 23.Kf1 hxg3 
24.hxg3 Qh5 25.Kg1 Kh7 26.Kg2 Rd2 27.Rh1 Qxh1+ 
28.Kxh1 Rxb2 29.Qh4+ Kg8 30.Qd8+ Kg7 31.Kg2 Rxb3 
32.Qxb6 Rb2 33.Qxc5 f5 34.Qd4+ e5 35.Qxe5+ Kh6 
36.Qxb2 Kg5 37.Qe5 Nd3 38.Qxa5 Kg4 39.Qc3 Nc5 
40.Qd4+ Ne4 41.a5 g5 42.f3+ Kh5 43.fxe4 fxe4 
44.a6 1-0

[Event "HCL-B091"]
[Site "www.playchess.de"]
[Date "2001.01.25"]
[Round "6"]
[White "daphatmon"]
[Black "Tsjernobyl"]
[WhiteElo "1588"]
[BlackElo "1200"]
[PlyCount "101"]
[Result "1-0"]

1.e4 e6 2.d4 d6 3.Nf3 g6 4.Nc3 Bg7 5.Bc4 Ne7 6.O-O 
O-O 7.Re1 a6 8.Bd2 b5 9.Bf1 Bb7 10.Qc1 d5 11.e5 
Nf5 12.Bd3 Bc8 13.Bxf5 exf5 14.Bh6 Be6 15.Qe3 Nc6 
16.Bg5 Qd7 17.a3 b4 18.axb4 Nxb4 19.Qd2 Rfb8 
20.Na4 a5 21.Nc5 Qc6 22.Bh6 Rb5 23.Bxg7 Kxg7 24.c3 
Na6 25.Nxa6 Rxa6 26.b4 axb4 27.Rxa6 Qxa6 28.cxb4 
Qa4 29.Qc3 Rxb4 30.Qxc7 Rxd4 31.Nxd4 Qxd4 32.Qc1 
f4 33.Qd1 Qc4 34.Qe2 Kh6 35.Qxc4 dxc4 36.f3 Kg5 
37.g4 h5 38.h3 Kh6 39.Kf2 Kg5 40.Rh1 h4 41.Ke2 Kh6 
42.Kd2 g5 43.Rb1 Kg7 44.Kc3 Kf8 45.Kd4 Ke7 46.Kc5 
f6 47.Rb7+ Kd8 48.Kd6 Bc8 49.exf6 Ke8 50.Rb8 Kf7 
51.Rxc8 1-0

[Event "HCL-B091"]
[Site "www.playchess.de"]
[Date "2001.01.25"]
[Round "8"]
[White "Stephen21"]
[Black "Angelus"]
[WhiteElo "1204"]
[BlackElo "1346"]
[PlyCount "92"]
[Result "0-1"]

1.Nf3 d5 2.d4 Bg4 3.e3 Nf6 4.Nbd2 e6 5.Be2 Be7 
6.Ne5 Bxe2 7.Qxe2 c5 8.c3 O-O 9.O-O c4 10.Ndf3 Nc6 
11.g3 Nxe5 12.Nxe5 Ne4 13.h4 Bd6 14.f4 Nxg3 15.Qf3 
Nxf1 16.Kxf1 Qxh4 17.Qg2 Bxe5 18.fxe5 f5 19.Bd2 
Qg4 20.Qf2 h5 21.a4 h4 22.Qh2 h3 23.Kf2 Qg2+ 
24.Qxg2 hxg2 25.Kxg2 g5 26.Rh1 g4 27.Be1 Rf7 
28.Rh4 Rh7 29.a5 Rxh4 30.Bxh4 Kf7 31.Kg3 a6 32.Kf4 
Rb8 33.Kg5 b6 34.axb6 Rxb6 35.Kf4 Rxb2 36.Be1 a5 
37.e4 dxe4 38.d5 a4 39.d6 a3 40.Bh4 Ke8 41.Ke3 a2 
42.Kd4 a1Q 43.Kc5 Qa7+ 44.Kxc4 Qa4+ 45.Kc5 Rb5+ 
46.Kc6 Qc4+ 0-1

[Event "HCL-B091"]
[Site "www.playchess.de"]
[Date "2001.01.25"]
[Round "9"]
[White "Angelus"]
[Black "daphatmon"]
[WhiteElo "1346"]
[BlackElo "1588"]
[PlyCount "73"]
[Result "1-0"]

1.d4 d5 2.c4 dxc4 3.Nc3 e6 4.d5 Bb4 5.Qa4+ c6 
6.Qxb4 cxd5 7.Nb5 Nc6 8.Qc3 Nf6 9.Nf3 a6 10.Nbd4 
Nxd4 11.Qxd4 h6 12.g3 O-O 13.Bg2 b5 14.O-O Bd7 
15.Re1 Qc8 16.Bxh6 Qd8 17.Bg5 b4 18.Bxf6 gxf6 
19.Qg4+ Kh8 20.Qh5+ Kg7 21.e4 Rh8 22.Qg4+ Kf8 
23.e5 Rg8 24.Qd4 f5 25.Qc5+ Qe7 26.Qxe7+ Kxe7 
27.h4 a5 28.Rac1 Rac8 29.Nd4 Rg4 30.Ne2 d4 31.Bf3 
Rg7 32.Nxd4 c3 33.bxc3 bxc3 34.Re3 Rc4 35.Ne2 Rxh4 
36.Rexc3 f4 37.R3c4 1-0

[Event "HCL-B091"]
[Site "www.playchess.de"]
[Date "2001.01.25"]
[Round "10"]
[White "Tsjernobyl"]
[Black "Angelus"]
[WhiteElo "1200"]
[BlackElo "1346"]
[PlyCount "83"]
[Result "1-0"]

1.e3 e5 2.d3 d5 3.d4 e4 4.b3 Nf6 5.Bb2 Bd6 6.Nc3 
O-O 7.Qd2 Qe7 8.Nge2 Bd7 9.O-O-O Ba3 10.Nf4 Bxb2+ 
11.Kxb2 c6 12.Be2 Re8 13.h4 Bf5 14.h5 h6 15.Rdg1 
Qd7 16.Qd1 Bg4 17.Rh4 Bxe2 18.Qxe2 b5 19.g4 Nh7 
20.Nd1 Ng5 21.Nh3 Nf3 22.Rg3 Nxh4 23.g5 hxg5 
24.Nxg5 Nf5 25.Rg4 Nh6 26.Rg3 a5 27.f4 a4 28.Nf2 
axb3 29.cxb3 Qa7 30.Kb1 Nf5 31.Rg1 Nxe3 32.Ngh3 
Qxd4 33.h6 Nf5 34.hxg7 Nxg7 35.f5 Qf6 36.Rg5 Re5 
37.Ng4 Qd6 38.Nxe5 Qxe5 39.Qe3 d4 40.Qf4 Qxf4 
41.Nxf4 f6 42.Ne6 1-0

[Event "HCL-B091"]
[Site "www.playchess.de"]
[Date "2001.01.25"]
[Round "11"]
[White "Arn"]
[Black "DepthCharge"]
[WhiteElo "1197"]
[BlackElo "1200"]
[PlyCount "54"]
[Result "0-1"]

1.e4 c5 2.d3 d6 3.c3 Nf6 4.Bg5 e5 5.Nd2 Be6 6.Ngf3 
Nc6 7.d4 cxd4 8.Bc4 Bxc4 9.Nxc4 b5 10.Ncd2 h6 
11.Bxf6 Qxf6 12.O-O dxc3 13.Rc1 Be7 14.Rc2 Nd4 
15.Rxc3 Nxf3+ 16.Nxf3 O-O 17.Qe2 a6 18.b3 Rfd8 
19.a4 d5 20.axb5 d4 21.Rc2 d3 22.Qd1 dxc2 23.Qxc2 
axb5 24.Rd1 Rxd1+ 25.Qxd1 Qd6 26.Qxd6 Ra1+ 27.Ne1 
Rxe1+ 0-1